[Event "Petrosian Mem Internet"]
[Site "ICC INT"]
[Date "2004.12.18"]
[Round "1"]
[White "Bu Xiangzhi"]
[Black "Lautier,J"]
[Result "1/2-1/2"]
[WhiteElo "2615"]
[BlackElo "2682"]
[EventDate "2004.12.18"]

1. d4 d5 2. Nf3 Nf6 3. c4 e6 4. cxd5 exd5 5. Nc3 c6 6. Bg5 Be7 7. Qc2 g6 8.
e3 Bf5 9. Bd3 Bxd3 10. Qxd3 Nbd7 11. O-O O-O 12. h3 Re8 13. Bf4 Nh5 14. Bh2
Ng7 15. Rac1 Nf5 16. Nd2 a5 17. Na4 Bd6 18. Bxd6 Nxd6 19. Nb3 Qg5 20. Qe2
Re7 21. Nbc5 Nf6 22. Nc3 Nf5 23. Qf3 h5 24. Ne2 Ne4 25. Nxe4 Rxe4 26. Rc3
Rae8 27. Ra3 Nh4 28. Qg3 Qd8 29. Nf4 Nf5 30. Qf3 Nh4 31. Qg3 Nf5 32. Qf3
Qg5 33. Ne2 Nh4 34. Qg3 Qd8 35. Nf4 Nf5 1/2-1/2

[Event "Petrosian Mem Internet"]
[Site "ICC INT"]
[Date "2004.12.18"]
[Round "1"]
[White "Zhang Zhong"]
[Black "Bauer,Ch"]
[Result "1/2-1/2"]
[WhiteElo "2596"]
[BlackElo "2622"]
[EventDate "2004.12.18"]

1. e4 d5 2. exd5 Qxd5 3. Nc3 Qa5 4. d4 Nf6 5. Nf3 c6 6. Bc4 Bf5 7. Bd2 e6
8. Nd5 Qd8 9. Nxf6+ Qxf6 10. Qe2 Bg4 11. d5 Bxf3 12. gxf3 cxd5 13. Bxd5 Nd7
14. O-O-O O-O-O 15. Be4 Qe5 16. Bc3 Qc7 17. Kb1 f6 18. Bd3 Ne5 19. Bb5 Bc5
20. f4 Ng6 21. Qxe6+ Kb8 22. f5 Nf4 23. Qe4 Nh3 24. Qg2 Nxf2 25. Rxd8+ Rxd8
26. Re1 Nd1 27. Bd2 Ne3 28. Bxe3 1/2-1/2

[Event "Petrosian Mem Internet"]
[Site "ICC INT"]
[Date "2004.12.19"]
[Round "2"]
[White "Bauer,Ch"]
[Black "Sargissian,G"]
[Result "1-0"]
[WhiteElo "2622"]
[BlackElo "2611"]
[EventDate "2004.12.18"]

1. d4 Nf6 2. c4 e6 3. g3 d5 4. Nf3 a6 5. Bg2 dxc4 6. Ne5 Ra7 7. O-O Bd7 8.
Nc3 Bb4 9. Bg5 O-O 10. Nxc4 Bc6 11. Ne4 Be7 12. Bxf6 Bxf6 13. e3 Bxe4 14.
Bxe4 b5 15. Qh5 g6 16. Qc5 1-0

[Event "Petrosian Mem Internet"]
[Site "ICC INT"]
[Date "2004.12.19"]
[Round "2"]
[White "Minasian,Art"]
[Black "Nataf,IA"]
[Result "1/2-1/2"]
[WhiteElo "2584"]
[BlackElo "2565"]
[EventDate "2004.12.18"]

1. e4 c5 2. Nf3 e6 3. b3 d6 4. Bb2 e5 5. Bc4 Be7 6. d3 Nf6 7. Nbd2 O-O 8.
a4 Nc6 9. O-O a6 10. Re1 Rb8 11. c3 b5 12. axb5 axb5 13. Bd5 Qc7 14. Bxc6
Qxc6 15. d4 Nd7 16. Nf1 Bb7 17. dxe5 Nxe5 18. Nxe5 dxe5 19. c4 bxc4 20.
bxc4 Qe6 21. Qc2 Bg5 22. Ra5 Rbc8 23. Bc1 Bxc1 24. Rxc1 Rfd8 25. Ne3 Rd4
26. f3 g6 27. Qb3 Qd7 28. Ng4 Qe7 29. Ra7 Rc7 30. Rb1 Rdd7 31. Qb2 Bc8 32.
Rxc7 Rxc7 33. Qxe5 Qxe5 34. Nxe5 Be6 35. h4 Kf8 36. Rc1 Ke7 37. Nd3 Kd6 38.
e5+ Kc6 39. Nf4 Rd7 40. Kf2 Rd4 41. Nxe6 fxe6 42. g3 h5 43. Ke3 Kd7 44. Rc3
Ke7 45. Ra3 Rxc4 46. Ra7+ Kf8 47. Rc7 Rc3+ 48. Kf4 c4 49. g4 Ke8 50. Rg7
Rd3 51. Rc7 hxg4 52. fxg4 c3 53. Kg5 Kd8 54. Rc4 Rh3 55. Kxg6 Rxh4 56. Rxc3
Rxg4+ 57. Kf7 Rf4+ 58. Kxe6 Rh4 59. Ra3 Rh6+ 60. Kf7 Rh7+ 61. Kf8 Rh8+ 62.
Kg7 Rh5 63. Kf6 Rh6+ 64. Kf7 Rh7+ 65. Ke6 Rh6+ 66. Kd5 Ke7 67. Ra7+ Ke8
1/2-1/2

[Event "Petrosian Mem Internet"]
[Site "ICC INT"]
[Date "2004.12.19"]
[Round "2"]
[White "Lputian,S"]
[Black "Fressinet,L"]
[Result "0-1"]
[WhiteElo "2634"]
[BlackElo "2640"]
[EventDate "2004.12.18"]

1. d4 d5 2. c4 c6 3. Nc3 Nf6 4. e3 e6 5. Nf3 Nbd7 6. Bd3 dxc4 7. Bxc4 b5 8.
Bd3 Bb7 9. e4 b4 10. Na4 c5 11. e5 Nd5 12. Nxc5 Nxc5 13. dxc5 Bxc5 14. Ng5
Qc7 15. O-O Rd8 16. Qh5 g6 17. Bb5+ Kf8 18. Qf3 Kg7 19. Be3 Bxe3 20. fxe3
Rdf8 21. e4 Qxe5 22. Nxf7 Qd4+ 23. Rf2 Ne3 24. Ng5 Bc8 25. Nf7 Ng4 26. Qxg4
Rxf7 27. Qe2 Rhf8 28. Raf1 a6 29. Ba4 Bb7 30. e5 a5 31. Bb5 Rf5 32. Qd2 Qc5
33. Bd3 R5f7 34. h3 Bd5 35. b3 Rf4 36. Qc2 Qe3 37. Qe2 Qd4 38. Bb5 R4f5 39.
Qd2 Qb6 40. Bd3 Rf4 41. Qe2 Qd4 42. Bb5 Kg8 43. Qd2 Qb6 44. Bd3 Qc5 45. Qe2
Qd4 46. Bb5 R8f5 47. Qd2 Qb6 48. Bd3 Rf7 49. Qe2 Kf8 50. Qd2 Ke7 51. Qe2
Kd8 52. Qc2 Rf8 53. Qe2 Kc7 54. Qd2 Kb8 55. Qe2 Ka7 56. Qc2 R8f7 57. Qd2
Qc5 58. Qc2 Qd4 59. Bb5 Kb6 60. Bd3 Rxf2 61. Rxf2 Rxf2 62. Qxf2 Kc5 63. g4
Qxf2+ 64. Kxf2 Kd4 65. Ke2 Bg2 66. Bc4 Bxh3 67. Kf3 h5 68. Bxe6 Bxg4+ 69.
Bxg4 hxg4+ 70. Kf4 Kd5 0-1

[Event "Petrosian Mem Internet"]
[Site "ICC INT"]
[Date "2004.12.19"]
[Round "2"]
[White "Bu Xiangzhi"]
[Black "Svidler,P"]
[Result "1/2-1/2"]
[WhiteElo "2615"]
[BlackElo "2735"]
[EventDate "2004.12.18"]

1. d4 Nf6 2. c4 g6 3. Nc3 Bg7 4. e4 d6 5. f3 O-O 6. Be3 a6 7. Nge2 Nc6 8.
Qd2 Rb8 9. Rb1 e6 10. b4 Nd7 11. g3 Nb6 12. Qd3 f5 13. Bg2 fxe4 14. fxe4 d5
15. c5 dxe4 16. Nxe4 Nd5 17. Bd2 e5 1/2-1/2

[Event "Petrosian Mem Internet"]
[Site "ICC INT"]
[Date "2004.12.20"]
[Round "3"]
[White "Svidler,P"]
[Black "Lautier,J"]
[Result "1-0"]
[WhiteElo "2735"]
[BlackElo "2682"]
[EventDate "2004.12.18"]

1. e4 c5 2. Nf3 Nc6 3. Bb5 g6 4. O-O Bg7 5. c3 Nf6 6. Qa4 O-O 7. d4 cxd4 8.
cxd4 d6 9. Bxc6 bxc6 10. Qxc6 Bg4 11. Nbd2 Qa5 12. Qc2 Qa6 13. Re1 Rfc8 14.
Qd1 Qd3 15. Qb3 Qa6 16. Ng5 Rf8 17. e5 dxe5 18. dxe5 Nd7 19. e6 fxe6 20.
Nxe6 Rab8 21. Qc4 Qxc4 22. Nxc4 Bxe6 23. Rxe6 Rfc8 24. Rxe7 Rxc4 25. Rxd7
Bxb2 26. Bxb2 Rxb2 27. h3 Rcc2 28. Re1 Rxf2 29. Re8+ Rf8 30. Rxf8+ Kxf8 31.
Rxa7 h5 32. a4 Ra2 33. h4 Ke8 34. a5 Kf8 35. a6 Ke8 36. Kf1 Kd8 37. Ra8+
Kc7 38. a7 Kb6 39. Rg8 Rxa7 40. Rxg6+ Kc5 41. Rg5+ Kd4 42. Rxh5 Ke3 43. Kg1
Kf4 44. Rg5 Rh7 45. g3+ Kf3 46. Kh2 1-0

[Event "Petrosian Mem Internet"]
[Site "ICC INT"]
[Date "2004.12.20"]
[Round "3"]
[White "Sargissian,G"]
[Black "Zhang Zhong"]
[Result "1/2-1/2"]
[WhiteElo "2611"]
[BlackElo "2596"]
[EventDate "2004.12.18"]

1. d4 Nf6 2. c4 e6 3. Nf3 b6 4. g3 Ba6 5. Qb3 Nc6 6. Nbd2 Bb7 7. e4 d5 8.
cxd5 exd5 9. e5 Ne4 10. Bd3 Bb4 11. O-O O-O 12. Rd1 Bxd2 13. Bxd2 Kh8 14.
Rac1 f6 15. Bf4 Na5 16. Qc2 Rc8 17. b4 Nc6 18. Qa4 fxe5 19. Nxe5 Nxe5 20.
Bxe4 Rxf4 21. gxf4 Ng4 22. Bf3 Qh4 23. Bxg4 Qxg4+ 24. Kh1 Qf3+ 25. Kg1 Qg4+
26. Kh1 Qf3+ 27. Kg1 Qg4+ 28. Kh1 1/2-1/2

[Event "Petrosian Mem Internet"]
[Site "ICC INT"]
[Date "2004.12.20"]
[Round "3"]
[White "Ni Hua"]
[Black "Lputian,S"]
[Result "1-0"]
[WhiteElo "2611"]
[BlackElo "2634"]
[EventDate "2004.12.18"]

1. e4 e6 2. d4 d5 3. Nc3 Bb4 4. e5 c5 5. a3 Ba5 6. b4 cxd4 7. Nb5 Bc7 8. f4
Bd7 9. Nf3 Bxb5 10. Bxb5+ Nc6 11. O-O Nge7 12. Bd3 Nf5 13. Bxf5 exf5 14.
Bb2 Qd7 15. Kh1 O-O 16. Nxd4 Nxd4 17. Bxd4 Rfd8 18. Rf3 Bb6 19. Rd3 Rac8
20. Bxb6 axb6 21. Qd2 Qc6 22. Rd1 Qxc2 23. Qxc2 Rxc2 24. g3 Kf8 25. Rxd5
Rxd5 26. Rxd5 Ke7 27. Rd6 Rc6 28. Rd2 Rc3 29. Kg2 Rxa3 30. Rd6 Ra6 31. b5
Ra8 32. Rxb6 Rb8 33. Kh3 Kd7 34. Kh4 h6 35. g4 fxg4 36. Kxg4 Kc7 37. Rd6
Rd8 38. Rxd8 Kxd8 39. Kh5 Ke7 40. f5 b6 41. h3 Kf8 42. f6 Kg8 43. fxg7 Kxg7
44. h4 Kh7 45. Kg4 Kg6 46. h5+ Kh7 47. Kf5 Kg7 48. Ke4 f6 49. Kf5 fxe5 50.
Kxe5 Kf7 51. Kd6 1-0

[Event "Petrosian Mem Internet"]
[Site "ICC INT"]
[Date "2004.12.21"]
[Round "4"]
[White "Lautier,J"]
[Black "Bu Xiangzhi"]
[Result "1/2-1/2"]
[WhiteElo "2682"]
[BlackElo "2615"]
[EventDate "2004.12.18"]

1. d4 d5 2. c4 c6 3. Nc3 Nf6 4. e3 a6 5. Nf3 b5 6. c5 g6 7. Bd3 Bg7 8. h3
O-O 9. O-O Nbd7 10. Re1 a5 11. a3 Qc7 12. e4 dxe4 13. Nxe4 Nxe4 14. Bxe4
Rd8 15. Qe2 Nf6 16. Bc2 Be6 17. Bg5 Re8 18. Qd2 Bd5 19. Ne5 Rad8 20. Bf4
Qa7 21. Bh6 Qc7 22. Bxg7 Kxg7 23. Rad1 a4 24. Qc3 Nd7 25. Nd3 Nf6 26. Nb4
Be6 27. Be4 Bd5 28. Bc2 Be6 29. Be4 Bd5 30. Bc2 Be6 1/2-1/2

[Event "Petrosian Mem Internet"]
[Site "ICC INT"]
[Date "2004.12.21"]
[Round "4"]
[White "Bauer,Ch"]
[Black "Zhang Zhong"]
[Result "1/2-1/2"]
[WhiteElo "2622"]
[BlackElo "2596"]
[EventDate "2004.12.18"]

1. Nf3 Nf6 2. d4 e6 3. c4 d5 4. Nc3 Bb4 5. cxd5 exd5 6. Bg5 Nbd7 7. e3 c5
8. Bd3 Qa5 9. O-O c4 10. Bf5 O-O 11. Qc2 Re8 12. Nd2 g6 13. Bxd7 Nxd7 14.
a3 Bxc3 15. Qxc3 Qxc3 16. bxc3 Nb6 17. a4 a5 18. Rfb1 Ra6 19. f3 Bd7 20. e4
Nxa4 21. exd5 Nxc3 22. Rxb7 Bc8 23. Rb8 Nxd5 24. Nxc4 a4 25. Kf2 Bd7 26.
Rxe8+ Bxe8 27. Ne3 Bc6 28. Nxd5 Bxd5 29. Be7 f6 30. Bc5 g5 31. g4 Kf7 32.
Kg3 Ke6 33. Re1+ Kd7 34. Ra1 Kc6 35. f4 Be4 36. fxg5 fxg5 37. h4 gxh4+ 38.
Kxh4 Kd5 39. Kg3 Bc2 40. Ra2 Bb3 41. Ra1 Ke4 42. Re1+ Kd3 43. Re7 a3 44.
Bxa3 Rxa3 45. Rxh7 Ke4 46. Re7+ Be6+ 47. Kh4 Kd5 48. Rb7 Rd3 49. Rb1 Kd6
50. Rg1 Ke7 51. Kg5 Rxd4 52. Rg2 Re4 53. Rg1 Kf7 54. Rf1+ Kg7 55. Rf4 Re5+
56. Kh4 Kg6 57. Ra4 Re1 58. Rb4 Rh1+ 59. Kg3 Kf6 60. Re4 Rd1 61. Kh4 Rh1+
62. Kg3 Bd5 63. Rf4+ Ke5 64. Rf5+ Ke4 65. Rf6 Ke3 66. Rf8 Rg1+ 67. Kh4 Bf3
68. Re8+ Kf2 69. Rg8 Rh1+ 70. Kg5 Bxg4 71. Kf4 Bf3 72. Rb8 Rh4+ 73. Kg5 Kg3
74. Rb3 Rh5+ 75. Kg6 Rc5 76. Rb4 Be2 77. Rd4 Kf3 78. Kf6 Ke3 79. Ra4 Bc4
80. Ra1 Kf4 81. Rc1 Rc6+ 82. Ke7 Ke5 83. Re1+ Kf5 84. Rc1 Ke5 85. Re1+ Kd5
86. Kf7 Bd3 87. Rd1 Ke4 88. Ke7 Ra6 89. Rc1 Ke5 90. Rc5+ Kd4 91. Rc1 Be4
92. Kd7 Ke5 93. Rc3 Rh6 94. Kc7 Rh7+ 95. Kb6 Kd6 96. Kb5 Bd5 97. Kb4 Rb7+
98. Ka3 Ke5 99. Rd3 Ke4 100. Rd1 Bc4 101. Rd2 Bd3 102. Rd1 Kd4 103. Rc1 Bc4
104. Rd1+ Kc5 105. Rc1 Rb8 106. Rc2 Rb1 107. Rc3 Kd4 108. Rc2 Rb3+ 109. Ka2
Rb6+ 110. Ka1 Kd3 111. Rc3+ Kd4 112. Rc2 Bd3 113. Rb2 Rf6 114. Rb3 Bc4 115.
Ra3 Kc5 116. Kb2 Kb4 117. Rc3 Ra6 118. Rc2 1/2-1/2

[Event "Petrosian Mem Internet"]
[Site "ICC INT"]
[Date "2004.12.22"]
[Round "5"]
[White "Lautier,J"]
[Black "Svidler,P"]
[Result "1-0"]
[WhiteElo "2682"]
[BlackElo "2735"]
[EventDate "2004.12.18"]

1. d4 d6 2. e4 g6 3. c4 Bg7 4. Nc3 Nf6 5. f3 O-O 6. Be3 Nc6 7. Nge2 a6 8.
Qd2 Rb8 9. h4 b5 10. h5 e5 11. d5 Na5 12. Ng3 bxc4 13. O-O-O Bd7 14. Bh6
Bxh6 15. Qxh6 Qe7 16. Be2 Rb4 17. Rd2 c6 18. Nf1 Kh8 19. hxg6 fxg6 20. Qxg6
cxd5 21. Ne3 Be6 22. exd5 Rg8 23. Qh6 Bd7 24. g4 Qg7 25. Bd1 Qxh6 26. Rxh6
Rg6 27. Rdh2 Kg7 28. R6h4 h5 29. gxh5 Rg1 30. h6+ Kh8 31. Rg2 Rxg2 32. Nxg2
Rb7 33. Ne3 Rc7 34. Be2 Be8 35. Bxc4 Bf7 36. b3 Nxc4 37. Rxc4 Rxc4 38. Nxc4
Ne8 39. Kd2 Kh7 40. Ke3 Kxh6 41. f4 exf4+ 42. Kxf4 Kg7 43. Nb6 Kf6 44. Nc8
Bg6 45. Ne4+ Kg7 46. Ncxd6 Nxd6 47. Nxd6 Bb1 48. a3 Ba2 49. Nf5+ 1-0

[Event "Petrosian Mem Internet"]
[Site "ICC INT"]
[Date "2004.12.22"]
[Round "5"]
[White "Zvjaginsev,V"]
[Black "Nataf,IA"]
[Result "1/2-1/2"]
[WhiteElo "2650"]
[BlackElo "2565"]
[EventDate "2004.12.18"]

1. e4 c5 2. Nf3 Nc6 3. Bb5 e6 4. O-O Nge7 5. c3 a6 6. Be2 d5 7. exd5 Nxd5
8. d4 cxd4 9. Nxd4 Nde7 10. Nxc6 Qxd1 11. Rxd1 Nxc6 12. Be3 Be7 13. Nd2 e5
14. Ne4 O-O 15. Nc5 Bxc5 16. Bxc5 Rd8 17. Bc4 Bf5 18. Bb6 Rxd1+ 19. Rxd1
Kf8 20. f3 h5 21. Kf2 Rc8 22. Bd5 Ke7 23. Bc5+ Kf6 24. Bb3 Na5 25. Rd6+ Be6
26. Bb4 Nxb3 27. axb3 Rc6 28. Rxc6 bxc6 29. c4 1/2-1/2

[Event "Petrosian Mem Internet"]
[Site "ICC INT"]
[Date "2004.12.22"]
[Round "5"]
[White "Bu Xiangzhi"]
[Black "Aronian,L"]
[Result "1/2-1/2"]
[WhiteElo "2615"]
[BlackElo "2675"]
[EventDate "2004.12.18"]

1. d4 Nf6 2. c4 e6 3. Nc3 Bb4 4. Qc2 d5 5. cxd5 exd5 6. Bg5 h6 7. Bxf6 Qxf6
8. e3 O-O 9. a3 Bxc3+ 10. Qxc3 c6 11. Nf3 Re8 12. Rc1 Nd7 13. Bd3 Nb6 14.
O-O Bf5 15. Bxf5 Qxf5 16. Qb4 Qc8 17. a4 Nd7 18. Rc2 a5 19. Qa3 Nb6 20. Nd2
Re6 21. Qb3 Ra6 22. Re1 Rg6 23. e4 Qe6 24. g3 dxe4 25. Rxe4 Qxb3 26. Re8+
Kh7 27. Nxb3 Nxa4 28. Re7 Rg5 29. Nd2 Rf5 30. b3 Nb6 31. Rxb7 Nd5 32. Nc4
a4 33. bxa4 Rxa4 34. Kg2 Rf6 35. h4 Rb4 36. Ra7 Nb6 37. Ne5 Rxd4 38. Rb7
Re4 39. f4 Nd5 40. Ra2 Nxf4+ 41. gxf4 Rfxf4 42. Rxf7 Rxf7 43. Nxf7 Rxh4 44.
Ne5 c5 45. Rc2 Rh5 46. Nd3 Rg5+ 47. Kf3 Rg6 48. Rxc5 Rf6+ 49. Ke4 Re6+ 50.
Ne5 Rf6 51. Rc8 Ra6 52. Nc6 Ra1 53. Nd4 Re1+ 54. Kf4 Rf1+ 55. Nf3 Ra1 56.
Rc6 Ra4+ 57. Kf5 Ra1 58. Ke6 Rf1 59. Rc3 Rf2 60. Nd4 Rf4 61. Nf5 Re4+ 62.
Kd5 Rg4 63. Ke5 Rg1 64. Rc7 Re1+ 65. Kf4 Rf1+ 66. Kg4 Rg1+ 67. Ng3 Kg6 68.
Kh3 Ra1 69. Rc4 Ra5 70. Kg4 Ra7 71. Nf5 Rf7 72. Rc6+ Rf6 73. Rc5 Ra6 74.
Kf4 Rf6 75. Ra5 Rf8 76. Kg4 Rf6 77. Nh4+ Kh7 78. Ra7 Rb6 79. Nf5 Rg6+ 80.
Kf4 Rg1 81. Ke5 Re1+ 82. Kd6 Rg1 83. Ke7 Rg6 84. Ke8 Re6+ 85. Kd8 Rg6 86.
Rf7 Rf6 87. Rxf6 1/2-1/2

[Event "Petrosian Mem Internet"]
[Site "ICC INT"]
[Date "2004.12.22"]
[Round "5"]
[White "Zhang Zhong"]
[Black "Sargissian,G"]
[Result "0-1"]
[WhiteElo "2596"]
[BlackElo "2611"]
[EventDate "2004.12.18"]

1. e4 e5 2. Nf3 Nc6 3. Bb5 a6 4. Bxc6 dxc6 5. O-O f6 6. d4 Bg4 7. dxe5 Qxd1
8. Rxd1 fxe5 9. Nbd2 O-O-O 10. Re1 Re8 11. h3 Bh5 12. g4 Bf7 13. Ng5 Bg6
14. Ndf3 h6 15. Nh4 hxg5 16. Nxg6 Rh6 17. Nxf8 Rxf8 18. Kg2 Rg6 19. Bd2 Nh6
20. Bb4 Re8 21. Rad1 Nf7 22. Re3 Rf6 23. Red3 b6 24. Bd2 Rd6 25. Bc3 Kd7
26. Rf3 Ke6 27. Rh1 Rh8 28. Rf5 Rdd8 29. Re1 Rhe8 30. Re2 g6 31. Rf3 Rd7
32. Bd2 a5 33. Be3 Rh8 34. Re1 Rdd8 35. Rh1 Rdf8 36. b3 Rd8 37. Rxf7 Kxf7
38. Bxg5 Ra8 39. h4 a4 40. Rh3 Ke6 41. b4 a3 42. Rc3 c5 43. bxc5 b5 44. Rb3
Ra4 45. Kf3 Rha8 46. Bc1 Rc4 47. c3 b4 48. Bd2 Ra4 49. h5 gxh5 50. gxh5
bxc3 51. Bxc3 Rxe4 52. Bd2 Rh4 53. h6 Rh3+ 0-1

[Event "Petrosian Mem Internet"]
[Site "ICC INT"]
[Date "2004.12.23"]
[Round "6"]
[White "Svidler,P"]
[Black "Bu Xiangzhi"]
[Result "1-0"]
[WhiteElo "2735"]
[BlackElo "2615"]
[EventDate "2004.12.18"]

1. e4 c5 2. Nf3 d6 3. d4 Nf6 4. Nc3 cxd4 5. Nxd4 a6 6. Be3 e5 7. Nb3 Be7 8.
f3 Be6 9. Qd2 O-O 10. O-O-O Nbd7 11. g4 Qc7 12. Kb1 b5 13. g5 Nh5 14. f4
exf4 15. Bxf4 Nxf4 16. Qxf4 Ne5 17. Nd4 Qc5 18. h4 b4 19. Nd5 Bxd5 20. exd5
a5 21. Bg2 Rfc8 22. Nc6 Bf8 23. h5 g6 24. hxg6 hxg6 25. Rh3 Bg7 26. Rdh1
Rc7 27. Qf6 1-0

[Event "Petrosian Mem Internet"]
[Site "ICC INT"]
[Date "2004.12.23"]
[Round "6"]
[White "Fressinet,L"]
[Black "Lputian,S"]
[Result "1-0"]
[WhiteElo "2640"]
[BlackElo "2634"]
[EventDate "2004.12.18"]

1. e4 e6 2. d4 d5 3. Nc3 Bb4 4. e5 c5 5. a3 Ba5 6. b4 cxd4 7. Qg4 Ne7 8.
bxa5 dxc3 9. Qxg7 Rg8 10. Qxh7 Nbc6 11. Nf3 Qc7 12. Bf4 Qxa5 13. Rb1 Bd7
14. Ng5 Nxe5 15. h4 Qc7 16. Rh3 Rf8 17. Qg7 N7g6 18. Nh7 Rh8 19. Nf6+ Ke7
20. Bg5 Kd6 21. h5 Ne7 22. Bf4 N7c6 23. Bb5 1-0

[Event "Petrosian Mem Internet"]
[Site "ICC INT"]
[Date "2004.12.23"]
[Round "6"]
[White "Nataf,IA"]
[Black "Minasian,Art"]
[Result "0-1"]
[WhiteElo "2565"]
[BlackElo "2584"]
[EventDate "2004.12.18"]

1. e4 g6 2. d4 Bg7 3. Nc3 c6 4. f4 d5 5. e5 Nh6 6. Be3 f6 7. h3 fxe5 8.
fxe5 Nf5 9. Bf2 Bh6 10. Qd3 b6 11. g4 Ba6 12. Qd1 Ng7 13. h4 Bxf1 14. Kxf1
O-O 15. g5 Nf5 16. Qd3 Bg7 17. Nce2 c5 18. c3 Nc6 19. Nf3 Qd7 20. Kg2 Rf7
21. Rh3 Raf8 22. Rf1 b5 23. h5 gxh5 24. Rxh5 c4 25. Qb1 Nd8 26. Rh3 Ne6 27.
Rfh1 Bh8 28. R1h2 Rg7 29. Kh1 Rff7 30. Rh5 Nf8 31. Nf4 Nxd4 32. g6 Rxf4 33.
gxh7+ Kf7 34. Nxd4 Qg4 35. R5h4 Qg5 36. Rxf4+ Qxf4 37. Qf5+ Qxf5 38. Nxf5
Rxh7 39. Bd4 Rxh2+ 40. Kxh2 Ke6 41. Nh4 Bxe5+ 0-1